[Event "Witwatersrand op"]
[Site "Witwatersrand"]
[Date "2017.07.07"]
[Round "8.4"]
[White "Maredi, Alex Donald Lebogan"]
[Black "Lengwati, Lungile"]
[Result "1-0"]
[WhiteElo "1813"]
[BlackElo "1267"]
[PlyCount "73"]
[EventDate "2017.07.03"]
[EventType "swiss"]
[EventRounds "9"]
[EventCountry "RSA"]
[SourceTitle "EXT 2018"]
[Source "ChessBase"]
[SourceDate "2017.10.13"]
[SourceVersion "1"]
[SourceVersionDate "2017.10.13"]
[SourceQuality "1"]

1. d4 Nf6 2. Nf3 g6 3. g3 Bg7 4. Bg2 0-0 5. 0-0 d6 6. c4 c5 7. Nc3 Nbd7 8. h3 Nb6 9. b3 Bd7 10. Be3 Qc8 11. Kh2 Nh5 12. Qd2 f5 13. Bg5 cxd4 14. Nxd4 e5 15. Ndb5 Bxb5 16. Nxb5 e4 17. Rad1 d5 18. cxd5 Qc5 19. a4 a6 20. Be3 Qc8 21. Nd6 Qc7 22. Nxe4 fxe4 23. Qa5 Nxd5 24. Qxd5+ Rf7 25. Qxe4 Raf8 26. Rc1 Qb8 27. Qc4 Kh8 28. Bc5 Rf4 29. gxf4 Rxf4 30. Qd5 Rf5+ 31. Bd6 Qd8 32. Qxb7 Qxd6+ 33. Kg1 h6 34. Qc6 Qb4 35. Qxg6 Rg5 36. Rc8+ Bf8 37. Qxh6+ 1-0

[Event "Witwatersrand op"]
[Site "Witwatersrand"]
[Date "2017.07.05"]
[Round "5.15"]
[White "Lengwati, Lungile"]
[Black "Blaschczok, Vinzent"]
[Result "1-0"]
[WhiteElo "1267"]
[BlackElo "1539"]
[PlyCount "45"]
[EventDate "2017.07.03"]
[EventType "swiss"]
[EventRounds "9"]
[EventCountry "RSA"]
[SourceTitle "EXT 2018"]
[Source "ChessBase"]
[SourceDate "2017.10.13"]
[SourceVersion "1"]
[SourceVersionDate "2017.10.13"]
[SourceQuality "1"]

1. e4 c5 2. Nf3 Nc6 3. d4 cxd4 4. Nxd4 a6 5. Nc3 g6 6. Nxc6 bxc6 7. Qd4 f6 8. Bc4 Bg7 9. 0-0 e6 10. Be3 Ne7 11. Rad1 0-0 12. Qc5 Qe8 13. Qa3 Kh8 14. Bc5 Rf7 15. Na4 d5 16. Bd3 dxe4 17. Bxe4 f5 18. Bxe7 Rxe7 19. Bxc6 Qxc6 20. Qxe7 Bb7 21. Rd8+ Rxd8 22. Qxd8+ Bf8 23. Qxf8# 1-0